Історія України з найдавніших часів до початку ХХ століття : курс лекцій (Запис № 385925)

МАРК-запис
000 -Лідер
fixed length control field 01010nam a22002657a 4500
001 - Контрольний номер
control field 99728
003 - Ідентифікатор контрольного номера
control field UA-OsUOA
005 - Дата та час останнього входження (трансакції)
control field 20230504161331.0
007 - Фіксоване поле фізичного опису
fixed length control field ta
008 - Елементи даних фіксованої довжини – загальна інформація
fixed length control field 20130514b un ||||| |||| 00| 0 ukr d
020 ## - Міжнародний стандартний книжковий номер (ISBN)
Міжнародний стандартний книжковий номер (ISBN) (НП) 978-966-364-770-8
040 ## - Джерело каталогізації
Агенція оригінальної каталогізації UA-OsUOA
Мова каталогізації ukr
Агенція, яка здійснювала перезапис UA-OsUOA
Агенція, яка здійснювала модифікацію UA-OsUOA
041 ## - Код мови
Код мови тексту/ звукової доріжки чи окремого заголовка (П) ukr
080 ## - Індекс Універсальної десяткової класифікації
Індекс Універсальної десяткової класифікації (УДК) (НП) 94(477)
090 ## - Локальний шифр розміщення
Класифікаційний індекс УДК 94(477)
Авторський знак (НП) Г65
100 ## - Основне введення – ім’я особи
Ім’я особи (НП) Гончарук П. С.
245 ## - Відомості про назву
Назва (НП) Історія України з найдавніших часів до початку ХХ століття : курс лекцій
Решта назви (НП) навч. посібн.
260 ## - Публікація, розповсюдження і т.п. (Вихідні дані)
Місце публікації, розповсюдження і т.п. (П) К.
Ім’я/ наймення видавництва, розповсюджувача і т.п. (П) ЦНЛ
Дата публікації, розповсюдження і т.п. (П) 2009
300 ## - Фізичний опис
Обсяг 528 с.
520 ## - Резюме і т.п.
Резюме, реферат, анотація, тощо (НП) Навчальний посібник об’єднує 27 лекцій з історії України з найдавніших часів до ХХ століття.
650 #7 - Додаткове предметне введення – тематичний термін
Тематичний термін чи географічна назва, як елемент введення (НП) 9 Географія. Біографії. Історія
Джерело заголовка чи терміна UDC
942 ## - Додаткові елементи входу (Коха)
Тип елемента Koha Книги
Source of classification or shelving scheme Universal Decimal Classification
955 ## - Код типу видання за змістом
Код типу видання за змістом (НП) Навчальні видання
Фонди
Стан вилучень Стан втрат Джерело класифікації або схеми стелажів Стан уражень Не для кредиту Постійне місце розташування Поточне розміщення Дата придбання Джерело придбання Вартість, звичайна ціна покупки Інвентарний номер Усього замовленно Повний номер виклику Штрих-код Перевірено Дата останнього перегляду Дата останньої перевірки Ціна ефективна від Тип елемента Koha
    Universal Decimal Classification     АБ - Абонемент НБ АБ - Абонемент НБ 14/05/2013 25/2013 47.00 142430 1 94(477) Г65 142430 01/08/2019 18/07/2019 18/07/2019 14/05/2013 Книги